书目信息 |
| 题名: |
编码理论基础
|
|
| 作者: | 陈鲁生 , 沈世镒 编 | |
| 分册: | ||
| 出版信息: | 北京 高等教育出版社 2005.01 |
|
| 页数: | 212页 | |
| 开本: | 23cm | |
| 丛书名: | 普通高等学校信息与计算科学专业系列丛书 | |
| 单 册: | ||
| 中图分类: | O157.4 | |
| 科图分类: | ||
| 主题词: | 编码理论--bian ma li lun--高等学校--教材 | |
| 电子资源: | ||
| ISBN: | 7-04-016138-9 | |
| 000 | 01106nam 2200277 450 | |
| 001 | 012006275749 | |
| 005 | 20060914162527.07 | |
| 010 | @a7-04-016138-9@dCNY18.20 | |
| 100 | @a20060725d2005 km y0chiy0120 ea | |
| 101 | 0 | @achi |
| 102 | @aCN@b110000 | |
| 105 | @aa a 000yy | |
| 200 | 1 | @a编码理论基础@Abian ma li lun ji chu@f陈鲁生, 沈世镒编@Fchen lu sheng,shen shi yi bian |
| 210 | @a北京@c高等教育出版社@d2005.01 | |
| 215 | @a212页@c图@d23cm | |
| 225 | 2 | @a普通高等学校信息与计算科学专业系列丛书@Apu tong gao deng xue xiao xin xi yu ji suan ke xue zhuan ye xi lie cong shu |
| 300 | @a教育科学"十五"国家规划课题研究成果 | |
| 320 | @a有书目 (211-212页)。 | |
| 330 | @a本书共分两部分,第一部分主要介绍编码理论中用到的代数知识,特别是有限域知识;第二部分介绍编码理论的基本知识,包括线性码、Golay码、BCH码等。 | |
| 410 | 0 | @12001 @a普通高等学校信息与计算科学专业系列丛书 |
| 606 | 0 | @a编码理论@Abian ma li lun@x高等学校@j教材 |
| 690 | @aO157.4@v4 | |
| 701 | 0 | @a陈鲁生@Achen lu sheng@4编 |
| 701 | 0 | @a沈世镒@Ashen shi yi@4编 |
| 801 | 0 | @aCN@bpdsgxy@c20060914 |
| 905 | @a10447@dO157.4@eC506 | |
| 编码理论基础/陈鲁生, 沈世镒编.-北京:高等教育出版社,2005.01 |
| 212页:图;23cm.-(普通高等学校信息与计算科学专业系列丛书) |
| 教育科学"十五"国家规划课题研究成果 |
| ISBN 7-04-016138-9:CNY18.20 |
| 本书共分两部分,第一部分主要介绍编码理论中用到的代数知识,特别是有限域知识;第二部分介绍编码理论的基本知识,包括线性码、Golay码、BCH码等。 |
| ● |
| 相关链接 |
|
|
|
正题名:编码理论基础
索取号:O157.4/C506
 
预约/预借
| 序号 | 登录号 | 条形码 | 馆藏地/架位号 | 状态 | 备注 |
| 1 | 597119 | 205971199 | 自科库401/401自科库 42排4列1层/ [索取号:O157.4/C506] | 在馆 | |
| 2 | 597120 | 205971206 | 自科库401/401自科库 42排4列1层/ [索取号:O157.4/C506] | 在馆 | |
| 3 | 597121 | 205971215 | 自科库401/401自科库 42排4列1层/ [索取号:O157.4/C506] | 在馆 |